LEADER 01774nam a2200241 4500 001 000000359644 003 CaOOAMICUS 005 20240903102116.0 008 240903s1806 it a 000 u ita r 026 $ea-co nene m-re PAna (3) 1806 (A) 040 $aSeMil$bita 100 11$aCaronni, Felice,$c.$0(OLS)http://semarc/name/24815 245 13$a2: Ragguaglio di alcuni monumenti di antichita' ed arti raccolti negli ultimi viaggi da un dilettante ec. ... con molte tavole in rame, ed alcune vignette. Par. 2. con appendice. 264 1$aMilano :$bDalla Tipografia di Francesco Sonzogno di Gio. Batt. Corsia de' Servi, n. 596,$c1806. 300 $aIX, [1], 270, [2] p., XIII carte di tav. ripieg. :$b ill. calcogr., 2 c. geogr., 1 c. geneal. ;$c8° 500 $aLa c. ?1 contiene l'errata 500 $aSegn.: [1]? 2-16? 17¹² ?1 500 $aIncisioni disegnate dall'autore 773 0 $aCaronni, Felice $tRagguaglio del viaggio compendioso di un dilettante antiquario sorpreso da' corsari condotto in Barberia e felicemente ripatriato. A Luigi Settala. Parte 1. [-2. con appendice].$dMilano : Dalla Tipografia di Francesco Sonzogno di Gio. Batt. Corsia de' Servi, n. 596, 1805-1806.$g2$w()359642 856 42$uhttp://books.google.it/books?id=fgP8-tS_1r8C&printsec=frontcover&hl=it&source=gbs_ge_summary_r&cad=0#v=onepage&q&f=false 996 $6245$a2: Ragguaglio di alcuni monumenti di antichita' ed arti raccolti negli ultimi viaggi da un dilettante ec. ... con molte tavole in rame, ed alcune vignette. Par. 2. con appendice$9(OLS)http://semarc/title/100466 996 $6264$aMilano :$bDalla Tipografia di Francesco Sonzogno di Gio. Batt. Corsia de' Servi, n. 596$9(OLS)http://semarc/publisher/58911 LEADER 00745nam a2200169 i 4500 001 000000139242 003 CaOOAMICUS 005 20241016141348.0 008 050519s1981 it u000 u mul u 040 $aSeMil$bita 245 10$aTomo 2. 300 $aP. 532-1015, [18] carte di tav. ;$c22 cm 773 0 $aFondazione Centro italiano di studi sull'Alto Medioevo $tNascita dell'Europa ed Europa carolingia.$dSpoleto : Presso la Sede del Centro, 1981.$kAtti delle settimane di studio / Centro italiano di studi sull'alto Medioevo$g2$w()13493 850 $aSeMil 852 $aSeMil$W1$xVenegono$y1$m3TA B 27/2$j251227$B92679$CSeMilBibl$Z2$F97888 $81 996 $6245$aTomo 2$9(OLS)http://semarc/title/49331 LEADER 00817nam a2200193 i 4500 001 000000183350 003 CaOOAMICUS 005 20091112000000.0 008 091112s1928 it u000 u ita u 013 $a161317 040 $aSeMil$bita 245 10$aTenerezze della Divina Provvidenza nella Sua Piccola Casa. 260 $aPinerolo :$bScuola tip. Orfanotrofio Cottolengo,$c1928. 300 $a224, 94 p. ;$c22 cm. 650 4$aPiccola Opera della Divina Provvidenza.$0(OLS)http://semarc/subject/11158 850 $aSeMil 852 $aSeMil$W1$xVenegono$y1$m3E III 71$j134050$B134050$CSeMilBibl$Z2$F145698 $81 996 $6245$aTenerezze della Divina Provvidenza nella Sua Piccola Casa$9(OLS)http://semarc/title/263141 996 $6260$aPinerolo :$bScuola tip. Orfanotrofio Cottolengo$9(OLS)http://semarc/publisher/41072 LEADER 00852nam a2200205 i 4500 001 000000203671 003 CaOOAMICUS 005 20110704000000.0 008 110704s1934 it u000 u ita u 013 $a182385 040 $aSeMil$bita 100 1 $aMartini, Vito A.$0(OLS)http://semarc/name/36574 245 13$aIl mondo inquieto :$bpanorami e problemi di politica internazionale /$cVito Augusto Martini. 260 $aMilano :$bMundus,$c1934. 300 $a351 p. ;$c22 cm. 650 4$aPolitica internazionale - Europa.$0(OLS)http://semarc/subject/27549 850 $aSeMil 852 $aSeMil$W1$xVenegono$y1$m3U II 80$j154165$B154165$CSeMilBibl$Z2$F165057 $81 996 $6245$aIl mondo inquieto :$bpanorami e problemi di politica internazionale$9(OLS)http://semarc/title/295051 996 $6260$aMilano :$bMundus$9(OLS)http://semarc/publisher/44432 LEADER 01132nam a2200265 i 4500 001 000000105912 003 CaOOAMICUS 005 20120712000000.0 008 120712s1998 xxu u000 u eng u 013 $a78106 020 $a0-225-66793-2 040 $aSeMil$bita 100 1 $aKelly, Kevin T.$0(OLS)http://semarc/name/44598 245 10$aNew directions in Sexual Ethics :$bmoral theology and the challenge of Aids /$cKevin T. Kelly. 260 $aLondon ; Washington :$bGeoffrey Chapman,$c1998. 300 $aXIV, 241 p. ;$c24 cm. 500 $aContiene : Bibliography. 650 4$aTeologia morale.$0(OLS)http://semarc/subject/91 650 4$aAIDS.$0(OLS)http://semarc/subject/8222 850 $aSeMil 852 $aSeMil$W1$xVenegono$y1$m2E IV 303$j62067$B62067$CSeMilBibl$Z2$F71625 $81 961 $aOmaggio: Fumagalli don Aristide 996 $6020$a0-225-66793-2$9(OLS)http://semarc/number/86232 996 $6245$aNew directions in Sexual Ethics :$bmoral theology and the challenge of Aids$9(OLS)http://semarc/title/153439 996 $6260$aLondon ; Washington :$bGeoffrey Chapman$9(OLS)http://semarc/publisher/44785 LEADER 01107nam a2200265 i 4500 001 000000119063 003 CaOOAMICUS 005 20031016000000.0 008 031016s1999 it u000 u ita u 013 $a91756 040 $aSeMil$bita 100 1 $aFossati, Giuseppe.$0(OLS)http://semarc/name/39378 245 10$aRitorneṛ da mio padre :$bitinerario spirituale sui passi di san Leonardo Murialdo /$cGiuseppe Fossati. 260 $aRoma :$bMurialdo,$c1999. 300 $aVIII, 184 p. ;$c21 cm. 490 0 $aFor-Per. Nuova serie ;$v5 500 $aFondo Card. C.M. Martini. 650 4$aLeonardo : Murialdo .$0(OLS)http://semarc/subject/5133 830 0$aFor-Per. Nuova serie ;$v5.$0(OLS)http://semarc/title/12721 850 $aSeMil 852 $aSeMil$W1$xVenegono$y1$m3H IV 81$j74307$B74307$CSeMilBibl$Z2$F87316 $81 941 1 $a4 961 $aOmaggio: Martini Card. Carlo Maria 996 $6245$aRitorneṛ da mio padre :$bitinerario spirituale sui passi di san Leonardo Murialdo$9(OLS)http://semarc/title/174954 996 $6260$aRoma :$bMurialdo$9(OLS)http://semarc/publisher/32621 LEADER 00913nam a2200241 i 4500 001 000000170108 003 CaOOAMICUS 005 20260304141320.0 008 080312s1957 it u000 u ita u 013 $a147514 040 $aSeMil$bita 100 1 $aPapini, Giovanni,$d<1881-1956>.$0(OLS)http://semarc/name/1547 245 13$aIl libro nero :$bnuovo diario di Gog /$cGiovanni Papini. 250 $a4. edizione. 264 1$aFirenze :$bVallecchi,$c1957. 300 $a395 p. ;$c19 cm. 490 1 $aLetteratura contemporanea 830 0$aLetteratura contemporanea.$0(OLS)http://semarc/title/6914 850 $aSeMil 852 $aSeMil$W1$xVenegono$y1$m1B III 150$j231719$B121004$CSeMilBibl$Z2$F132324 $81 996 $6245$aIl libro nero :$bnuovo diario di Gog$9(OLS)http://semarc/title/243271 996 $6264$aFirenze :$bVallecchi$9(OLS)http://semarc/publisher/29768